Statistiques concernant Hot pink Doja cat

Cliquez ici pour prendre le quiz!

Statistiques générales

  • Ce quiz a été pris 36 fois
  • Le résultat moyen est 7 sur 12

Statistiques - réponses

Réponse% Correct
Say so
89%
Streets
74%
Like that
70%
Addiction
59%
Juicy
56%
Rules
56%
Cyber sex
52%
Bottom bitch
48%
Better than me
44%
Shine
44%
Won't bite
41%
Talk dirty
33%

Distribution des résultats

Percentile par nombre de réponses

% des personnes avec chaque résultat

Votre développement - résultats

Vous n’avez pas pris ce quiz